Представление документа в формате RUSMARC

ПолеНазваниеЗначение
  Тип записи a
  Библиографический уровень m
001 Контрольный номер dccdb7c4acc64658809f015b33069f72
005 Дата корректировки 20140729162915.5
010 Индекс ISBN __
a ISBN 5-8316-0023-8
200 Заглавие и сведения об ответственности 1_
a Заглавие Экономика труда
f Первые сведения об ответственности Учеб.пособие
210 Выходные данные 1_
a Место издания М.
c Издательство Издат.дом"Дашков и К`"
d Дата издания 2000
215 Физическое описание __
a Объем 217 с.
610 Ключевые слова 0_
a Ключевые слова экономика труда
686 Индексы других классификаций __
a Классификационный индекс 65.9(2)24
2 Код системы rubbk
686 Индексы других классификаций __
a Классификационный индекс 65.9(2)24я73
2 Код системы rubbk
700 Автор _1
a Фамилия Владимирова Людмила Павловна
801 Источник записи _0
a Страна RU
b Организация РУК
c Дата составления 20021203
g Правила каталогизации PSBO
801 Источник записи _1
a Страна RU
b Организация РУК
c Дата составления 20021203
g Правила каталогизации PSBO
852 Данные о местонахождении __
i Авторский знак В57
j Шифр хранения ББК 65.9(2)24
901 Тип документа __
t Тип документа m
938 Служебная информация __
a Название организации Головной вуз
b Имя БД BOOK
c Название АИБС АИБС ИРБИС